000 00335nam a2200133Ia 4500
008 240624s9999 xx 000 0 und d
041 _aeng
082 _a658.4 THI
100 _aTHIEL PETER
245 _aZERO TO ONE NOTE ON START UPS OR HOW TO
260 _c2014
_aNew Delhi
_bVirgin Books
300 _a210 p.; 22 cm.
365 _cRS
999 _c31864
_d31864